Charles Aznavour
Gespeichert in:
| 1. Verfasser: | |
|---|---|
| Format: | Buch |
| Sprache: | Französisch |
| Veröffentlicht: |
París
Pierre Seghers
1964
|
| Schriftenreihe: | Poetes d'aujord' hui, 121
|
| Schlagworte: | |
| Tags: |
Tag hinzufügen
Keine Tags, Fügen Sie den ersten Tag hinzu!
|
MARC
| LEADER | 00000nam a2200000 a 4500 | ||
|---|---|---|---|
| 001 | UCY5210 | ||
| 003 | CL-VaPUC | ||
| 008 | 950418e19640000FR |||||||||||||||||fre|d | ||
| 082 | 0 | 4 | |a 927 |b SAL |2 21 |
| 100 | 0 | |a Salgues, Yves |e author |9 333865 | |
| 245 | 1 | 0 | |a Charles Aznavour |
| 300 | |a 191 p | ||
| 942 | |c BK | ||
| 945 | |d 19950418 00:00:00 |a oaravena | ||
| 260 | |a París |b Pierre Seghers |c 1964 | ||
| 600 | 0 | 7 | |a AZNAVOUR, CHARLES |2 CL-VaPUC |9 333866 |
| 650 | 0 | |a Crítica e interpretación |9 255042 | |
| 583 | |a last modification |c 19950418 00:00:00 |k Rodrigo Vera | ||
| 490 | 0 | |a Poetes d'aujord' hui, 121 | |
| 999 | |c 232914 |d 232912 | ||
| 952 | |0 0 |1 0 |4 0 |6 927_000000000000000_SAL_1964 |7 0 |8 P |9 237906 |a BIBART |b BIBART |d 2019-11-18 |i 3074684 |o 927 SAL 1964 |p 3074684 |r 2025-03-13 |w 2019-11-18 |y BK |k ART | ||